Smallest Countries in the World by Area - Statistics

General Stats
  • This quiz has been taken 7 times
  • The average score is 16 of 18
Answer Stats
Km sq Answer % Correct
181 Marshall Islands
100%
2.02 Monaco
100%
61 San Marino
100%
261 St Kitts and Nevis
100%
389 St Vincent and the Grenadines
100%
26 Tuvalu
100%
0.49 Vatican City
100%
431 Barbados
86%
344 Grenada
86%
160 Liechtenstein
86%
298 Maldives
86%
316 Malta
86%
21 Nauru
86%
455 Seychelles
86%
606 St Lucia
86%
468 Andorra
71%
442 Antigua and Barbuda
71%
459 Palau
71%
No matching quizzes found
Score Distribution
Percent of People with Each Score
Percentile by Number Answered
Your Score History
You have not taken this quiz